| 000 -LEADER |
| fixed length control field |
01500 a2200301 4500 |
| 003 - CONTROL NUMBER IDENTIFIER |
| control field |
Nust |
| 005 - DATE AND TIME OF LATEST TRANSACTION |
| control field |
20220725114654.0 |
| 010 ## - LIBRARY OF CONGRESS CONTROL NUMBER |
| LC control number |
97081247 |
| 020 ## - INTERNATIONAL STANDARD BOOK NUMBER |
| International Standard Book Number |
0782122205 |
| 035 ## - SYSTEM CONTROL NUMBER |
| System control number |
(OCoLC)38556080 |
| 040 ## - CATALOGING SOURCE |
| Transcribing agency |
Nust |
| 082 00 - DEWEY DECIMAL CLASSIFICATION NUMBER |
| Classification number |
005.43,CHE |
| 100 1# - MAIN ENTRY--PERSONAL NAME |
| Personal name |
Chellis, James. |
| 9 (RLIN) |
94344 |
| 245 10 - TITLE STATEMENT |
| Title |
MCSE. |
| Name of part/section of a work |
MCSNetworking essentials study guide / |
| Statement of responsibility, etc. |
James Chellis, Charles Perkins, Matthew Strebe. |
| 246 30 - VARYING FORM OF TITLE |
| Title proper/short title |
Networking essentials study guide |
| 250 ## - EDITION STATEMENT |
| Edition statement |
2nd ed. |
| Remainder of edition statement |
(Include CD) |
| 260 ## - PUBLICATION, DISTRIBUTION, ETC. |
| Place of publication, distribution, etc. |
San Francisco : |
| Name of publisher, distributor, etc. |
Network Press, |
| Date of publication, distribution, etc. |
c1998. |
| 300 ## - PHYSICAL DESCRIPTION |
| Extent |
xxxi, 683 p. : |
| Other physical details |
ill. ; |
| Dimensions |
24 cm. + |
| Accompanying material |
2 computer laser optical discs (4 3/4 in.) |
| 505 ## - FORMATTED CONTENTS NOTE |
| Formatted contents note |
An introduction to networks (Page-1), Networks components (Page-63), The theoretical network (Page-121), Real-world networks (Page-161), Designing the local area network (Page-209), Configuring the network server (Page-239), Configuring network clients (Page-283), Administering your network (Page-321), Remote access (Page-363), Expanding networks (Page-389), Wide area networks (Page-419), The basics of network troubleshooting (Page-457), Major protocol suites (Page-495) |
| 650 #0 - SUBJECT ADDED ENTRY--TOPICAL TERM |
| Topical term or geographic name entry element |
Computer networks |
| General subdivision |
Management |
| -- |
Examinations |
| 9 (RLIN) |
94865 |
| 650 #0 - SUBJECT ADDED ENTRY--TOPICAL TERM |
| Topical term or geographic name entry element |
Operating systems (Computers) |
| General subdivision |
Examinations |
| 9 (RLIN) |
94866 |
| 650 #0 - SUBJECT ADDED ENTRY--TOPICAL TERM |
| Topical term or geographic name entry element |
Telecommunications engineers |
| General subdivision |
Certification. |
| 9 (RLIN) |
94256 |
| 651 ## - SUBJECT ADDED ENTRY--GEOGRAPHIC NAME |
| Geographic name |
(Include CD) |
| 9 (RLIN) |
8953 |
| 700 1# - ADDED ENTRY--PERSONAL NAME |
| Personal name |
Perkins, Charles |
| Dates associated with a name |
1969- |
| 9 (RLIN) |
94862 |
| 700 1# - ADDED ENTRY--PERSONAL NAME |
| Personal name |
Strebe, Matthew. |
| 9 (RLIN) |
94863 |
| 710 2# - ADDED ENTRY--CORPORATE NAME |
| Corporate name or jurisdiction name as entry element |
Sybex Inc. |
| 9 (RLIN) |
94867 |
| 942 ## - ADDED ENTRY ELEMENTS (KOHA) |
| Koha item type |
Reference |
| Source of classification or shelving scheme |
|